LEADER 00981nam a2200241 i 4500 001 000000076514 003 CaOOAMICUS 005 20250227121638.0 008 100930s1995 it u000 u ita u 013 $a47686 020 $a88-399-0097-7 040 $aSeMil$bita 245 00$a1: Prolegomeni, dottrina su Dio, dottrina della creazione, cristologia, pneumatologia. 260 $aBrescia :$bQueriniana,$c1995. 300 $a698 p. 24 cm. 773 0 $tNuovo corso di dogmatica.$bEd. italiana$dBrescia : Queriniana, 1995.$g1$w()3370 850 $aSeMil 852 $aSeMil$W1$xVenegono$y1$m2WA E 24$j254782$B42666$CSeMilBibl$Z2$F42930 $81 961 $aAcquisto: Queriniana 996 $6020$a88-399-0097-7$9(OLS)http://semarc/number/57433 996 $6245$a1: Prolegomeni, dottrina su Dio, dottrina della creazione, cristologia, pneumatologia$9(OLS)http://semarc/title/124041 996 $6260$aBrescia :$bQueriniana$9(OLS)http://semarc/publisher/29615 LEADER 01636nam a2200325 i 4500 001 000000148294 003 CaOOAMICUS 005 20060228000000.0 008 060228s2003 it u000 u ita u 013 $a125609 020 $a88-401-3798-X 040 $aSeMil$bita 245 10$aVeritas in Caritate :$bMiscellanea di Studi in onore del Card. José Saraiva Martins /$cGuido Mazzotta, Juvenal Ilunga Muya (a cura di) 260 $aCittà del Vaticano :$bUrbaniana University Press,$cCopyr. 2003. 300 $a453 p. :$b[1] ritratto ;$c25 cm. 500 $aContiene : Bibliografia. - Dono del Card. Dionigi Tettamanzi. 650 4$aEcclesiologia.$0(OLS)http://semarc/subject/42996 650 4$aTeologia sacramentaria.$0(OLS)http://semarc/subject/749 650 4$aDialogo interreligioso.$0(OLS)http://semarc/subject/2257 650 4$aSaraiva Martins, José .$0(OLS)http://semarc/subject/28960 700 1 $aIlunga Muya, Juvénal.$0(OLS)http://semarc/name/42551 700 1 $aSaraiva Martins, José,$c.$0(OLS)http://semarc/name/15695 700 1 $aMazzotta, Guido,$c.$0(OLS)http://semarc/name/58706 850 $aSeMil 852 $aSeMil$W1$xVenegono$y1$m2B VI 37$j258243$B100719$CSeMilBibl$Z2$F109784 $81 941 1 $a5 961 $aOmaggio: Tettamanzi Card. Dionigi 996 $6020$a88-401-3798-X$9(OLS)http://semarc/number/137174 996 $6245$aVeritas in Caritate :$bMiscellanea di Studi in onore del Card. José Saraiva Martins$9(OLS)http://semarc/title/216773 996 $6260$aCittà del Vaticano :$bUrbaniana University Press$9(OLS)http://semarc/publisher/31817